| 000 | 00564nam a22001817a 4500 | ||
|---|---|---|---|
| 005 | 20251127114246.0 | ||
| 008 | 251121b |||||||| |||| 00| 0 eng d | ||
| 020 | _a978-81-962763-3-1 | ||
| 041 | _aeng | ||
| 082 | _a615.7 SIN-E | ||
| 100 |
_aSINGH, MR.FEREN. 2-PARASHAR, DR. DEEPESH. 3-SHARMA, DR. MANOJ. 4-JAIN, DR. VINAY. _98766 |
||
| 245 | _aEXPERIMENTAL PHARMACOLOGY -I FOR B. PHARMA [4TH SEM] | ||
| 250 | _a1ST ED. 2023 | ||
| 260 |
_aNEW DELHI _bINNOVATIVE PUBLICATION PVT. LTD _c2024 |
||
| 300 | _a91;P | ||
| 650 |
_aPHARMACY _xB.PHARMA |
||
| 942 | _cBK | ||
| 999 |
_c8941 _d8939 |
||